| 000 | 00528nam a2200157Ia 4500 | ||
|---|---|---|---|
| 008 | 220216s9999 xx 000 0 und d | ||
| 100 | _aAmu A B | ||
| 245 | 0 | _aSome aspects of processing and ageing of epoxidised natural rubber | |
| 260 | _bProceedings of the International Rubber Conference, Kuala Lumpur, Malaysia, V.2. 1985; p289-311 | ||
| 650 | _aAgeing | ||
| 650 | _aEpoxidised natural rubber | ||
| 650 | _aNatural rubber processing | ||
| 700 | _aDulngali S B | ||
| 700 | _aIsmail Ku Abdul Rahman Bin Ku | ||
| 942 | _cJS | ||
| 999 |
_c68929 _d68929 |
||